| 000 | 00000nam##2200000za#4500 |
| 001 | 9.640876 |
| 003 | CaOODSP |
| 005 | 20210624222901 |
| 007 | cr ||||||||||| |
| 008 | 150407|2008||||xxc|||||o f|0| 0 fre|d |
| 040 | |aCaOODSP|bfre |
| 043 | |an-cn--- |
| 086 | 1 |aH174-38/2008F-PDF |
| 110 | 1 |aCanada.|bConseil canadien de la santé. |
| 245 | 10|aViabilité du système de santé publique - que signifie ce terme? : |h[ressource électronique]|brapport du groupe de discussion / |cpréparé par Lillian Bayne and Associates. |
| 260 | |aToronto - Ontario : |bConseil canadien de la santé |cJuillet 2008. |
| 300 | |a9p. |
| 590 | |a12-40-Supp|b2012-10-23 |
| 691 | 07|aDéveloppement durable|2gcpds |
| 691 | 07|aRégime de soins de santé|2gcpds |
| 775 | 08|tSustainability in public health care - what does it mean? : |w(CaOODSP)9.696768 |
| 856 | 40|ahttp://publications.gc.ca|qPDF|s96 Ko|uhttps://publications.gc.ca/collections/collection_2012/ccs-hcc/H174-38-2008-fra.pdf |